Statistics for Netflix Shows by Picture

Click here to take the quiz!

General Stats

  • This quiz has been taken 21,484 times
  • The average score is 10 of 16

Answer Stats

Answer% Correct
Squid Game
94%
Stranger Things
91%
Wednesday
90%
Orange is the New Black
83%
The Crown
75%
The Queen's Gambit
75%
Bojack Horseman
71%
Tiger King
65%
The Witcher
63%
Bridgerton
58%
The Umbrella Academy
50%
You
50%
Cobra Kai
45%
Ozark
42%
Too Hot to Handle
22%
The Lincoln Lawyer
15%

Score Distribution

Percentile by Number Answered

Percent of People with Each Score

Your Score History

You have not taken this quiz